00936nam a2200277 i 450000500170000000700030001700800410002002000150006104000350007604100080011108400110011910000340013024501310016425000220029526400260031730000400034333600270038333700330041033800280044349000290047165000300050065000340053065000280056470000310059270000350062320220317000741.0ta200417s2004 ck a gr 000 0 spa  a9580476691 aCO-BoRNBPbspaerdacCO-BoRNBP0 aspa aN HOR31 aHorvath, Pollyd1957-eautora10aUn verano en la cañada de los ososcPolly Horvath; traducción de Juan Manuel Pombo Abondano; ilustraciones de Ivette salom aPrimera edición 1aBogotábNormac2004 a283 páginasbilustracionesc19 cm atextobtxt2rdacontent asin mediaciónbn2rdamedia avolumenbnc2rdacarrier0 aTorre de papelpAmarillo17aNovela canadiense2ARMARC17aLiteratura canadiense2ARMARC17aNiñasvNovela2ARMARC1 aSalom, Ivetteeilustradora1 aPombo, Juan Manueletraductor